<?xml version="1.0" encoding="UTF-8" ?>
<collection xmlns="http://www.loc.gov/MARC21/slim"><record><leader>00809nam a2200193 c 4500</leader><controlfield tag="001">153521</controlfield><controlfield tag="003">Zü176</controlfield><controlfield tag="005">20170705172751.0</controlfield><datafield tag="035" ind1=" " ind2=" "><subfield code="a">(OCoLC)927717621</subfield></datafield><datafield tag="041" ind1=" " ind2=" "><subfield code="a">ger</subfield></datafield><datafield tag="100" ind1="1" ind2="0"><subfield code="a">Orlik, Emil </subfield><subfield code="d">1870-1932</subfield></datafield><datafield tag="245" ind1="0" ind2="0"><subfield code="a">Brief, Berlin, 2. Juni 1914, An die Zürcher Kunstgesellschaft, Sekretariat.</subfield><subfield code="b">Sehr geehrte Herr ! ...</subfield><subfield code="c">Hochachtungsvoll ergebenst Dr Pf Emil Orlik, Berlin SW. 11 kgl. Kunstgewerbe Museum.</subfield><subfield code="h">Manuskript</subfield></datafield><datafield tag="260" ind1=" " ind2=" "><subfield code="a">Berlin</subfield><subfield code="c">1914</subfield></datafield><datafield tag="300" ind1=" " ind2=" "><subfield code="a">1 Blatt</subfield><subfield code="c">26,6 x 22 cm</subfield></datafield><datafield tag="600" ind1="1" ind2="7"><subfield code="a">Orlik, Emil</subfield><subfield code="d">1870-1932</subfield><subfield code="x">Brief</subfield><subfield code="2">gnd</subfield></datafield><datafield tag="610" ind1="2" ind2="7"><subfield code="a">Kunsthaus Zürich</subfield><subfield code="x">Ausstellung</subfield><subfield code="x">Geschäftsbrief</subfield><subfield code="2">gnd</subfield></datafield><datafield tag="710" ind1="2" ind2="0"><subfield code="a">Zürcher Kunstgesellschaft</subfield><subfield code="e">Adressat</subfield></datafield><datafield tag="852" ind1="4" ind2="0"><subfield code="a">CH-000273-5</subfield><subfield code="c">10.30.30.160a.orlik.19140602</subfield></datafield><datafield tag="856" ind1="4" ind2="1"><subfield code="u">https://digital.kunsthaus.ch:443/viewer/image/153521/1/</subfield><subfield code="y">Kunsthaus Zürich Sammlungen online</subfield></datafield></record></collection>